Vista normal
Vista MARC
Entrada Personal Name
Número de registros utilizados en: 1
001 - CONTROL NUMBER
- control field: 16727
003 - CONTROL NUMBER IDENTIFIER
- control field: DLC
005 - DATE AND TIME OF LATEST TRANSACTION
- control field: 20250210164747.0
008 - FIXED-LENGTH DATA ELEMENTS
- fixed length control field: 860116n| azannaabn |a aad
010 ## - LIBRARY OF CONGRESS CONTROL NUMBER
- LC control number: n 86802225
035 ## - SYSTEM CONTROL NUMBER
- System control number: (OCoLC)oca01476444
040 ## - CATALOGING SOURCE
- Original cataloging agency: DLC
- Language of cataloging: spa
- Description conventions: rda
- Transcribing agency: Mx-PuUPA
- Modifying agency: ICrlF
- Modifying agency: OCoLC
- Modifying agency: Mx-PuUPA
100 1# - HEADING--PERSONAL NAME
- Personal name: Baldor, J. A.,
- Fuller form of name: (J. Aurelio)
372 ## - FIELD OF ACTIVITY
- Field of activity: Matemáticas
- Source of term: lcsh
374 ## - OCCUPATION
- Occupation: Autor
375 ## - GENDER
- Gender: hombre
377 ## - ASSOCIATED LANGUAGE
- Language code: spa
400 1# - SEE FROM TRACING--PERSONAL NAME
- Personal name: Baldor, Aurelio
670 ## - SOURCE DATA FOUND
- Source citation: nuc86-4320: His Geometría plana y del espacio, 1982, c1967
- Information found: (hdg. on CSf rept.: Baldor, Aurelio; usage: J.A. Baldor)